Náhrada mzdy za nevyčerpanú dovolenku pri neplatnom skončení pracovného pomeru

Slovenská hmotnoprávna úprava i súdna prax, v ktorej zamestnanec nemá právo na náhradu za nevyčerpanú platenú dovolenku za kalendárny rok za obdobie od rozviazania pracovného pomeru do opätovného nastúpenia do zamestnania, ak sa preukáže, že s ním bol neplatne skončený pracovný pomer.

Salvato in:
Dettagli Bibliografici
Autore principale: Poruban, Andrej
Natura: Capitolo di libro
Lingua:slovacco
Soggetti:
Tags: Aggiungi Tag
Nessun Tag, puoi essere il primo ad aggiungerne!!

MARC

LEADER 00000naa a2200000 4500
001 0277553
005 20210728075401.6
041 0 |a slo 
044 |a SK 
245 1 0 |a Náhrada mzdy za nevyčerpanú dovolenku pri neplatnom skončení pracovného pomeru  |c Andrej Poruban 
520 |a Slovenská hmotnoprávna úprava i súdna prax, v ktorej zamestnanec nemá právo na náhradu za nevyčerpanú platenú dovolenku za kalendárny rok za obdobie od rozviazania pracovného pomeru do opätovného nastúpenia do zamestnania, ak sa preukáže, že s ním bol neplatne skončený pracovný pomer. 
610 2 0 |a náhrada mzdy 
610 2 0 |a dovolenka 
610 2 0 |a skončenie pomeru pracovného 
610 2 0 |a vzťahy pracovnoprávne 
100 1 |a Poruban, Andrej